000 00578nam a2200181Ia 4500
008 090124s9999 xx 000 0 und d
082 _b102846
100 _aबोडस ग. कृ. (गणेश कृष्ण)
245 _a महावीर कर्ण
250 _a1
260 _c1948
300 _a28
600 _aबोडस ग. कृ. (गणेश कृष्ण)
630 _a महावीर कर्ण
700 _aबोडस ग. कृ. (गणेश कृष्ण)
730 _a महावीर कर्ण
942 _cBOOK
999 _c148938
_d148938